[Event "Hastings Weekend op-B"]
[Site "Hastings"]
[Date "2024.01.06"]
[Round "3"]
[White "Moore, Garfield"]
[Black "Swiatkowski, Aram"]
[Result "1-0"]
[WhiteElo "1480"]
[BlackElo "1597"]
[PlyCount "80"]
[EventDate "2024.01.06"]
[EventType "swiss"]
[EventRounds "5"]
[EventCountry "ENG"]
[SourceTitle "CB02_2024"]
[SourceDate "2024.01.10"]
[SourceVersion "1"]
[SourceVersionDate "2024.01.10"]
[SourceQuality "1"]

1. b3 b6 2. Bb2 Bb7 3. Nf3 Nf6 4. e3 d6 5. d4 e6 6. Bb5+ Nbd7 7. 0-0 Be7 8. Re1 a6 9. Bd3 0-0 10. c4 c5 11. Nbd2 e5 12. d5 Re8 13. Qc2 Nf8 14. Bf5 Bc8 15. Bxc8 Qxc8 16. h3 Ng6 17. Nf1 Nh5 18. g4 Nf6 19. Ng3 h5 20. gxh5 Nxh5 21. Nxh5 Qxh3 22. Ng3 e4 23. Qxe4 Bf6 24. Qf5 Qxf5 25. Nxf5 Bxb2 26. Rab1 Be5 27. Nxe5 Nxe5 28. Kg2 Rad8 29. Re2 g6 30. Nh4 Kg7 31. f4 Ng4 32. e4 f5 33. Kf3 Kf6 34. Rbe1 Rh8 35. Kg3 Rh5 36. exf5 gxf5 37. Re6+ Kf7 38. Re7+ Kf8 39. Nxf5 Nf6 40. Nh4 Rh8 1-0

[Event "Hastings Weekend op"]
[Site "Hastings"]
[Date "2023.01.07"]
[Round "3"]
[White "Moore, Garfield"]
[Black "Banerjee, Supratit"]
[Result "1/2-1/2"]
[WhiteElo "1888"]
[BlackElo "1572"]
[PlyCount "50"]
[EventDate "2023.01.07"]
[EventType "swiss"]
[EventRounds "5"]
[EventCountry "ENG"]
[SourceTitle "CBM 212 Extra"]
[Source "ChessBase"]
[SourceDate "2023.03.31"]
[SourceVersion "1"]
[SourceVersionDate "2023.03.31"]
[SourceQuality "1"]

1. d4 Nf6 2. c4 e6 3. Nc3 d5 4. Bg5 Be7 5. Nf3 c6 6. e3 Qb6 7. Qc2 Na6 8. a3 Bd7 9. Rc1 h6 10. Bh4 0-0 11. Bd3 Rac8 12. 0-0 c5 13. cxd5 cxd4 14. exd4 Nxd5 15. Nxd5 exd5 16. Qd2 Bxh4 17. Nxh4 Kh8 18. Bb1 Bb5 19. Rfe1 Qf6 20. Nf3 Bd7 21. h3 Bf5 22. Bxf5 Qxf5 23. Re5 Qd7 24. Rce1 Rfe8 25. Rxe8+ Rxe8 1/2-1/2

[Event "Hastings Weekend op"]
[Site "Hastings"]
[Date "2023.01.07"]
[Round "1"]
[White "Moore, Garfield"]
[Black "Sivanandan, Bodhana"]
[Result "0-1"]
[WhiteElo "1888"]
[BlackElo "1718"]
[PlyCount "78"]
[EventDate "2023.01.07"]
[EventType "swiss"]
[EventRounds "5"]
[EventCountry "ENG"]
[SourceTitle "CBM 212 Extra"]
[Source "ChessBase"]
[SourceDate "2023.03.31"]
[SourceVersion "1"]
[SourceVersionDate "2023.03.31"]
[SourceQuality "1"]

1. d4 d5 2. c4 c6 3. Nc3 Nf6 4. Nf3 e6 5. e3 Nbd7 6. Bd3 dxc4 7. Bxc4 b5 8. Bd3 Bd6 9. 0-0 0-0 10. Qc2 h6 11. Ne4 Nxe4 12. Bxe4 Bb7 13. a3 a5 14. b3 Nf6 15. Bd3 Rc8 16. Qe2 b4 17. axb4 axb4 18. Bb2 Qe7 19. e4 Bb8 20. Rfc1 Nd7 21. Rc2 e5 22. g3 g6 23. Qd2 Kg7 24. Rc4 f6 25. Rxb4 Rc7 26. Rba4 exd4 27. Nxd4 c5 28. Ba3 Nb6 29. Ra5 Rd8 30. Nb5 Rcd7 31. Nd4 Rxd4 32. Bxc5 Rxd3 33. Qxd3 Rxd3 34. Bxe7 Bxe4 35. Rb5 Nd7 36. Bd8 Be5 37. Re1 Bc6 38. Ra5 Bc3 39. Re7+ Kf8 0-1

[Event "Hastings Weekend op"]
[Site "Hastings"]
[Date "2023.01.07"]
[Round "2"]
[White "Simms, Jake"]
[Black "Moore, Garfield"]
[Result "1/2-1/2"]
[WhiteElo "1602"]
[BlackElo "1888"]
[PlyCount "99"]
[EventDate "2023.01.07"]
[EventType "swiss"]
[EventRounds "5"]
[EventCountry "ENG"]
[SourceTitle "CBM 212 Extra"]
[Source "ChessBase"]
[SourceDate "2023.03.31"]
[SourceVersion "1"]
[SourceVersionDate "2023.03.31"]
[SourceQuality "1"]

1. e4 e6 2. d3 d5 3. Nd2 Nf6 4. Ngf3 c5 5. g3 Nc6 6. Bg2 dxe4 7. dxe4 e5 8. 0-0 Be7 9. c3 0-0 10. Qe2 Re8 11. Nc4 Qc7 12. Bg5 Be6 13. Nfd2 Ng4 14. Bxe7 Qxe7 15. h3 Nf6 16. Rfd1 Rad8 17. a4 b6 18. Ne3 Qc7 19. Ndc4 Ne7 20. Rxd8 Rxd8 21. Rd1 Rxd1+ 22. Qxd1 Bxc4 23. Nxc4 Ne8 24. Qh5 Ng6 25. Ne3 Qd7 26. Qd1 Qxd1+ 27. Nxd1 Nd6 28. Ne3 Kf8 29. f3 Ne7 30. Bf1 f6 31. Kf2 g6 32. b4 cxb4 33. cxb4 Kf7 34. Nd5 Ke6 35. Nc7+ Kd7 36. Nb5 Nec8 37. Ke3 Ke6 38. Nc7+ Kd7 39. Nb5 Ke6 40. h4 f5 41. Bd3 fxe4 42. fxe4 Nxb5 43. Bxb5 Nd6 44. Be2 h5 45. Kf3 Kf6 46. Bd1 g5 47. Bb3 a6 48. Bd5 b5 49. a5 g4+ 50. Ke3 1/2-1/2